Πόλεις των Ηνωμένων Πολιτειών σε Εικόνες - Statistics

General Stats
  • This quiz has been taken 8 times
  • The average score is 4 of 30
Answer Stats
Picture Answer % Correct
Νέα Υόρκη
100%
Ουάσινγκτον
75%
Σιάτλ
63%
Λας Βέγκας
38%
Λος Άντζελες
25%
Μαϊάμι
25%
Σαν Φρανσίσκο
25%
Σαν Αντόνιο
13%
Νέα Ορλεάνη
13%
Φιλαδέλφεια
0%
Ιντιανάπολις
0%
Ντένβερ
0%
Μέμφις
0%
Βαλτιμόρη
0%
Χονολουλού
0%
Χιούστον
0%
Σικάγο
0%
Ατλάντα
0%
Σαιντ Λούις
0%
Όμαχα
0%
Σολτ Λέικ Σίτι
0%
Φοίνιξ
0%
Σαν Χουάν
0%
Ντιτρόιτ
0%
Ντάλας
0%
Κλίβελαντ
0%
Βοστώνη
0%
Σαν Ντιέγκο
0%
Ελ Πάσο
0%
Άνκορεϊτζ
0%
No matching quizzes found
Score Distribution
Percent of People with Each Score
Percentile by Number Answered
Your Score History
You have not taken this quiz